| 000 | 00810cam a22002535i 4500 | ||
|---|---|---|---|
| 001 | 016236487 | ||
| 003 | EG-ScBUE | ||
| 005 | 20230104125857.0 | ||
| 008 | 121221s2013 ohuc f 001 0 eng d | ||
| 020 | _a9781440325229 | ||
| 020 | _a1440325227 | ||
| 040 |
_aStDuBDS _beng _erda _cStDuBDS _dUkCU _dEG-ScBUE |
||
| 082 | 0 | 4 |
_a743.4 _bBAR _222 |
| 100 | 1 |
_aBarrett, Robert, _d1949- _eauthor. _938041 |
|
| 245 | 1 | 0 |
_aLife drawing : _bhow to portray the figure with accuracy and expression / _cRobert Barrett. |
| 250 | _aFirst edition. | ||
| 264 | 1 |
_aOhio : _bNorth Light Books / F+W Media, _c2013. |
|
| 300 |
_a159 pages : _bportraits ; _c28 cm |
||
| 500 | _aIncludes index. | ||
| 650 | 7 |
_aFigure drawing _xTechnique. _2BUEsh |
|
| 653 |
_bCOMAME _cMay2015 |
||
| 655 | _vReading book | ||
| 942 |
_2ddc _k743.4 BAR _cBB |
||
| 999 |
_c19356 _d19328 |
||